000 00439nam a2200157Ia 4500
008 240729s9999 xx 000 0 und d
022 _a2050-4330
245 0 _aProgramme Grants for Applied Research
260 _aUnited Kingdom
260 _bNIHR Journals Library
650 _a Public aspects of medicine
650 _aMedicine
856 _uhttps://doaj.org/toc/9558ebbfabf54000b9656284131bcbab
942 _2ddc
942 _cDOAJEJ
999 _c66060
_d66060
945 _a1
_bMadushi Gamage
_c1
_dMadushi Gamage